00517nam a2200157Ia 4500008004000000082001600040100002200056245005200078260002600130300000700156650003800163690001300201906001100214999001700225952011700242210210b1965 xxu||||| |||| 00| 0 eng d a745.61 DABS aDABOLL (Raymond). aSpeedball textbook for pen and brush lettering. abNot Mentionedc1965 a96 aLettering, Writing, Calligraphy  aThe Arts a028247 c79501d79501 00102ddc40708OTHaALbALcSSSd2021-02-17g0.00l0o745.61 DABSp028247r2021-02-17 00:00:00w2021-02-17yBK